[Event "SVK-chT2C 2122"]
[Site "Slovakia"]
[Date "2022.03.06"]
[Round "6.5"]
[White "Petras, Marian"]
[Black "Cernekova, Martina"]
[Result "1-0"]
[WhiteElo "2080"]
[BlackElo "1714"]
[PlyCount "50"]
[EventDate "2021.10.16"]
[EventType "team-tourn"]
[EventRounds "11"]
[EventCountry "SVK"]
[SourceTitle "EXT 2023"]
[Source "ChessBase"]
[SourceDate "2022.10.05"]
[SourceVersion "1"]
[SourceVersionDate "2022.10.05"]
[SourceQuality "1"]
[WhiteTeam "Ondrasova Krivan"]
[BlackTeam "Martin Medea"]
[WhiteTeamCountry "SVK"]
[BlackTeamCountry "SVK"]

1. e4 c5 2. b3 Nc6 3. Bb2 e5 4. Nf3 d6 5. Nc3 Nf6 6. Be2 Be7 7. 0-0 0-0 8. d3 Nd4 9. Bc1 Nxe2+ 10. Qxe2 Bg4 11. h3 Bxf3 12. Qxf3 h6 13. Kh1 Nh7 14. Qg3 Bg5 15. f4 Bxf4 16. Bxf4 exf4 17. Rxf4 Nf6 18. Rh4 Kh7 19. Rf1 Qe7 20. Rf5 g6 21. Qf4 Nh5 22. Rhxh5 gxh5 23. Nd5 Qe6 24. Nf6+ Kg7 25. Rg5+ Kh8 1-0

[Event "SVK-chT2C 2122"]
[Site "Slovakia"]
[Date "2022.03.05"]
[Round "5.4"]
[White "Kerdik, Adam"]
[Black "Petras, Marian"]
[Result "1/2-1/2"]
[WhiteElo "2020"]
[BlackElo "2080"]
[PlyCount "132"]
[EventDate "2021.10.16"]
[EventType "team-tourn"]
[EventRounds "11"]
[EventCountry "SVK"]
[SourceTitle "EXT 2023"]
[Source "ChessBase"]
[SourceDate "2022.10.05"]
[SourceVersion "1"]
[SourceVersionDate "2022.10.05"]
[SourceQuality "1"]
[WhiteTeam "Liptov Chess School III"]
[BlackTeam "Ondrasova Krivan"]
[WhiteTeamCountry "SVK"]
[BlackTeamCountry "SVK"]

1. d4 g6 2. c4 Bg7 3. Nc3 Nf6 4. Nf3 0-0 5. Bg5 d6 6. e3 Nc6 7. Be2 e6 8. 0-0 Ne7 9. h3 h6 10. Bf4 a6 11. Qc2 Bd7 12. Rfd1 Bc6 13. e4 d5 14. cxd5 exd5 15. e5 Ne4 16. Nd2 Nxd2 17. Qxd2 Kh7 18. Bf3 Nf5 19. Rac1 Qd7 20. Ne2 Nh4 21. Bg4 Qe7 22. Ng3 Rae8 23. Re1 Qd8 24. Nf1 f5 25. exf6 Qxf6 26. Be5 Qf7 27. Bxg7 Kxg7 28. Rxe8 Bxe8 29. Re1 Bd7 30. Ne3 Bxg4 31. Nxg4 g5 32. Qb4 Ng6 33. Re3 h5 34. Rf3 Qe7 35. Qxe7+ Nxe7 36. Rxf8 Kxf8 37. Nf6 Nf5 38. Nxd5 c6 39. Nf6 Nxd4 40. Nxh5 Ne2+ 41. Kf1 Nc1 42. Nf6 Ke7 43. Ne4 Nxa2 44. Ke2 a5 45. Nxg5 a4 46. Ne4 b5 47. Kd2 Nb4 48. h4 Nd5 49. g3 Ke6 50. Kd3 Kf5 51. f3 Ke5 52. Nf2 c5 53. Ne4 c4+ 54. Kd2 b4 55. h5 c3+ 56. bxc3 a3 57. Kc2 a2 58. Kb2 bxc3+ 59. Kxa2 Kd4 60. Kb3 Ke3 61. h6 Ne7 62. h7 Ng6 63. Kxc3 Kxf3 64. Kd4 Kg4 65. Kd5 Kf5 66. g4+ Kxg4 1/2-1/2

[Event "SVK-chT2C 2122"]
[Site "Slovakia"]
[Date "2021.10.17"]
[Round "2.4"]
[White "Petras, Marian"]
[Black "Demian, Milan"]
[Result "1/2-1/2"]
[WhiteElo "2097"]
[BlackElo "1981"]
[PlyCount "40"]
[EventDate "2021.10.16"]
[EventType "team-tourn"]
[EventRounds "11"]
[EventCountry "SVK"]
[SourceTitle "EXT 2023"]
[Source "ChessBase"]
[SourceDate "2022.10.05"]
[SourceVersion "1"]
[SourceVersionDate "2022.10.05"]
[SourceQuality "1"]
[WhiteTeam "Ondrasova Krivan"]
[BlackTeam "Detva"]
[WhiteTeamCountry "SVK"]
[BlackTeamCountry "SVK"]

1. e4 c5 2. Nc3 e6 3. g3 a6 4. Bg2 Nc6 5. f4 b5 6. Nf3 Bb7 7. 0-0 d6 8. Nh4 Be7 9. Nf3 Nf6 10. d3 0-0 11. h3 d5 12. Kh2 dxe4 13. Nxe4 Nxe4 14. dxe4 Qxd1 15. Rxd1 Rfd8 16. Bd2 Rd7 17. Bc3 Rad8 18. Rxd7 Rxd7 19. a4 b4 20. Be1 Nd4 1/2-1/2

[Event "SVK-chT2C 1920"]
[Site "Slovakia"]
[Date "2020.02.15"]
[Round "8.5"]
[White "Matejov, Jaroslav"]
[Black "Petras, Marian"]
[Result "1/2-1/2"]
[WhiteElo "2059"]
[BlackElo "2086"]
[PlyCount "127"]
[EventDate "2019.10.26"]
[EventType "team-tourn"]
[EventRounds "11"]
[EventCountry "SVK"]
[SourceTitle "CBM 195 Extra"]
[Source "ChessBase"]
[SourceDate "2020.05.31"]
[SourceVersion "1"]
[SourceVersionDate "2020.05.31"]
[SourceQuality "1"]
[WhiteTeam "Rajecke Teplice"]
[BlackTeam "Ondrasova Krivan"]
[WhiteTeamCountry "SVK"]
[BlackTeamCountry "SVK"]

1. e4 c5 2. Nf3 g6 3. d4 Bg7 4. Nc3 Qa5 5. Be2 cxd4 6. Nxd4 Nc6 7. Nb3 Bxc3+ 8. bxc3 Qxc3+ 9. Bd2 Qe5 10. Bd3 Nf6 11. 0-0 d6 12. f4 Qh5 13. Qe1 0-0 14. h3 Qh6 15. e5 Ne8 16. f5 Qg7 17. f6 exf6 18. exf6 Nxf6 19. Qh4 Nd7 20. Bh6 Qc3 21. Bxf8 Nxf8 22. Rf4 Ne5 23. Qf6 Be6 24. Raf1 Re8 25. Bb5 Rc8 26. Nd4 Bxa2 27. Qxd6 Qc5 28. Qxc5 Rxc5 29. Ra1 Bc4 30. Bxc4 Rxc4 31. Rxa7 g5 32. Rf5 Nfg6 33. Nf3 Nxf3+ 34. Rxf3 Rxc2 35. Rxb7 Nf4 36. Rf2 Rxf2 37. Kxf2 Kg7 38. Kf3 Kg6 39. Rb6+ f6 40. h4 h5 41. hxg5 Kxg5 42. Rb5+ f5 43. g3 Ng6 44. Ra5 Ne7 45. Ra8 Ng6 46. Ra5 Nf8 47. Kg2 Ng6 48. Kh3 Nf8 49. Kg2 Ng6 50. Kf3 Nf8 51. Re5 Ng6 52. Rd5 Nf8 53. Rd8 Ng6 54. Rd5 Nf8 55. Kg2 Ng6 56. Kh3 Nf8 57. Rd6 Ng6 58. Rd8 Ne7 59. Rf8 Ng6 60. Rg8 Kf6 61. Ra8 Kg5 62. Ra7 Nf8 63. Rf7 Ng6 64. Rd7 1/2-1/2

[Event "SVK-chT2C 1819"]
[Site "Slovakia"]
[Date "2019.04.07"]
[Round "11.3"]
[White "Kovacs, Daniel1111"]
[Black "Petras, Marian"]
[Result "1/2-1/2"]
[WhiteElo "2012"]
[BlackElo "2074"]
[PlyCount "49"]
[EventDate "2018.10.13"]
[EventType "team-tourn"]
[EventRounds "11"]
[EventCountry "SVK"]
[SourceTitle "EXT 2020"]
[Source "ChessBase"]
[SourceDate "2019.10.17"]
[SourceVersion "1"]
[SourceVersionDate "2019.10.17"]
[SourceQuality "1"]
[WhiteTeam "Vinica"]
[BlackTeam "Ondrasova Krivan"]
[WhiteTeamCountry "SVK"]
[BlackTeamCountry "SVK"]

1. e4 c5 2. Nf3 g6 3. c3 Bg7 4. d4 cxd4 5. cxd4 d6 6. Bb5+ Bd7 7. Bxd7+ Qxd7 8. 0-0 Nf6 9. Nc3 0-0 10. h3 Nc6 11. Be3 Ne8 12. Qd2 f5 13. Bh6 Nf6 14. Bxg7 Kxg7 15. Rfe1 e5 16. dxe5 dxe5 17. Qxd7+ Nxd7 18. Rad1 Rad8 19. Ng5 Nc5 20. Rd5 h6 21. Rxc5 hxg5 22. Rd5 Kf6 23. f3 Rxd5 24. Nxd5+ Ke6 25. Rc1 1/2-1/2

[Event "SVK-chT2C 1819"]
[Site "Slovakia"]
[Date "2018.12.16"]
[Round "6.3"]
[White "Gregor, Eduard"]
[Black "Petras, Marian"]
[Result "0-1"]
[WhiteElo "1987"]
[BlackElo "2074"]
[PlyCount "84"]
[EventDate "2018.10.13"]
[EventType "team-tourn"]
[EventRounds "11"]
[EventCountry "SVK"]
[SourceTitle "CBM 189 Extra"]
[Source "ChessBase"]
[SourceDate "2019.06.03"]
[SourceVersion "1"]
[SourceVersionDate "2019.06.03"]
[SourceQuality "1"]
[WhiteTeam "Banska Bystrica Kurta"]
[BlackTeam "Ondrasova Krivan"]
[WhiteTeamCountry "SVK"]
[BlackTeamCountry "SVK"]

1. Nf3 g6 2. d4 Bg7 3. c4 c5 4. d5 d6 5. Nc3 Nf6 6. e4 0-0 7. Bd3 Na6 8. 0-0 Bd7 9. h3 Nc7 10. Bf4 a6 11. a4 Rb8 12. a5 b5 13. axb6 Rxb6 14. Qc2 e5 15. Bg5 Qc8 16. Kh2 Nh5 17. Ne2 h6 18. Bd2 f5 19. Nh4 Rf6 20. exf5 gxf5 21. Qc1 f4 22. Be4 Rf7 23. Bg6 Qd8 24. Bxh5 Qxh4 25. Bxf7+ Kxf7 26. f3 Bf5 27. Ba5 Rb7 28. Bxc7 Rxc7 29. Qd2 Bf8 30. Rxa6 Kg8 31. Qe1 Qh5 32. g4 fxg3+ 33. Kg1 Qxh3 34. Nxg3 Rg7 35. Kf2 Rxg3 36. Ke2 e4 37. Ra3 exf3+ 38. Kd1 Bg4 39. Rf2 Rg2 40. b3 Qg3 41. Raa2 Rg1 42. Rf1 f2+ 0-1

[Event "SVK-chT2C 1819"]
[Site "Slovakia"]
[Date "2018.11.17"]
[Round "3.2"]
[White "Hrabusa, Matej"]
[Black "Petras, Marian"]
[Result "1-0"]
[WhiteElo "2398"]
[BlackElo "2058"]
[PlyCount "87"]
[EventDate "2018.10.13"]
[EventType "team-tourn"]
[EventRounds "11"]
[EventCountry "SVK"]
[SourceTitle "CBM 187 Extra"]
[Source "ChessBase"]
[SourceDate "2018.11.04"]
[SourceVersion "1"]
[SourceVersionDate "2018.11.04"]
[SourceQuality "1"]
[WhiteTeam "Ruzomberok Montana"]
[BlackTeam "Ondrasova Krivan"]
[WhiteTeamCountry "SVK"]
[BlackTeamCountry "SVK"]

1. d4 Nf6 2. Nf3 g6 3. Nbd2 Bg7 4. e4 d6 5. Bd3 Nc6 6. 0-0 Bg4 7. h3 Bxf3 8. Nxf3 Nb4 9. e5 Nd7 10. Bc4 d5 11. Bb3 Nb6 12. Re1 Rc8 13. e6 f6 14. c3 Na6 15. h4 c5 16. h5 cxd4 17. Nxd4 Nc5 18. Bc2 f5 19. Nxf5 gxf5 20. h6 0-0 21. hxg7 Rf6 22. Bg5 Rg6 23. Qh5 Ne4 24. Bf4 Nc4 25. Qxf5 Rf6 26. Qg4 Qb6 27. Bxe4 dxe4 28. b3 Nd6 29. Rad1 Rxc3 30. Rc1 Rg6 31. Qh5 Rf3 32. Be3 Qa6 33. Rc5 Qxa2 34. Bd4 Qd2 35. Rxe4 Rxf2 36. Bxf2 Nxe4 37. Rc8+ Kxg7 38. Qe5+ Nf6 39. Rc7 Qb4 40. Bc5 Qe4 41. Rxe7+ Kh8 42. Re8+ Kg7 43. Bf8+ Kg8 44. Be7+ 1-0

[Event "SVK-chT1E 1415"]
[Site "Slovakia"]
[Date "2015.03.14"]
[Round "10.6"]
[White "Petras, Marian"]
[Black "Lasanda, Michal"]
[Result "0-1"]
[WhiteElo "2040"]
[BlackElo "2165"]
[PlyCount "52"]
[EventDate "2014.10.18"]
[EventType "team-tourn"]
[EventRounds "11"]
[EventCountry "SVK"]
[SourceTitle "EXT 2016"]
[Source "ChessBase"]
[SourceDate "2015.10.08"]
[SourceVersion "1"]
[SourceVersionDate "2015.10.08"]
[SourceQuality "1"]
[WhiteTeam "Liptov Chess School II"]
[BlackTeam "Michalovce Zemplin"]
[WhiteTeamCountry "SVK"]
[BlackTeamCountry "SVK"]

1. e4 c5 2. Nc3 Nc6 3. g3 g6 4. Bg2 Bg7 5. f4 e6 6. Nf3 Nge7 7. 0-0 0-0 8. Ne2 d5 9. d3 b5 10. Be3 c4 11. Nfd4 Rb8 12. exd5 Nxd4 13. Nxd4 Nxd5 14. Nc6 Nxe3 15. Nxd8 Nxd1 16. Nc6 Ne3 17. Nxb8 Nxg2 18. Kxg2 Bb7+ 19. Kf2 Rxb8 20. c3 cxd3 21. Ke3 b4 22. cxb4 Ba6 23. a3 Bxb2 24. Ra2 d2 25. Rd1 Bc1 26. Rc2 Rc8 0-1

[Event "SVK-chT2C 1314"]
[Site "Slovakia"]
[Date "2014.01.12"]
[Round "6.3"]
[White "Dusik, Tomas"]
[Black "Petras, Marian"]
[Result "1-0"]
[WhiteElo "2129"]
[BlackElo "2003"]
[PlyCount "97"]
[EventDate "2013.10.19"]
[EventType "team-tourn"]
[EventRounds "11"]
[EventCountry "SVK"]
[SourceTitle "EXT 2015"]
[Source "ChessBase"]
[SourceDate "2014.11.20"]
[SourceVersion "1"]
[SourceVersionDate "2014.11.20"]
[SourceQuality "1"]
[WhiteTeam "Zilina DMS"]
[BlackTeam "Liptov Chess School II"]
[WhiteTeamCountry "SVK"]
[BlackTeamCountry "SVK"]

1. Nf3 g6 2. c4 Bg7 3. Nc3 d6 4. b3 e5 5. e4 f5 6. d3 Nf6 7. Bb2 0-0 8. Qd2 c5 9. h3 f4 10. Be2 Nc6 11. 0-0-0 Nd4 12. Nd5 Nxd5 13. exd5 Nxf3 14. Bxf3 Bf5 15. Rdf1 Qh4 16. Qe2 Rae8 17. Be4 Bxe4 18. Qxe4 Qg5 19. Kc2 h5 20. Bc1 Qf5 21. g4 hxg4 22. hxg4 Qxe4 23. dxe4 Bf6 24. Rh6 Kg7 25. Rfh1 Rh8 26. Rxh8 Rxh8 27. Rxh8 Kxh8 28. b4 cxb4 29. Bd2 a5 30. a3 bxa3 31. Bxa5 Kg7 32. Bc7 Be7 33. c5 Bh4 34. cxd6 Bxf2 35. d7 Bh4 36. d8Q Bxd8 37. Bxd8 f3 38. Bh4 g5 39. Bg3 b5 40. Bxe5+ Kf7 41. Bd4 b4 42. Kb3 Ke7 43. e5 Kd7 44. Bc5 Kd8 45. e6 Kc7 46. Bf2 Kd6 47. Bg3+ Ke7 48. Be1 Kf6 49. Ka2 1-0

[Event "SVK-chT2C 1314"]
[Site "Slovakia"]
[Date "2014.01.11"]
[Round "5.2"]
[White "Haring, Viktor"]
[Black "Petras, Marian"]
[Result "0-1"]
[WhiteElo "2109"]
[BlackElo "2003"]
[PlyCount "102"]
[EventDate "2013.10.19"]
[EventType "team-tourn"]
[EventRounds "11"]
[EventCountry "SVK"]
[SourceTitle "EXT 2015"]
[Source "ChessBase"]
[SourceDate "2014.11.20"]
[SourceVersion "1"]
[SourceVersionDate "2014.11.20"]
[SourceQuality "1"]
[WhiteTeam "Banska Bystrica Kurta"]
[BlackTeam "Liptov Chess School II"]
[WhiteTeamCountry "SVK"]
[BlackTeamCountry "SVK"]

1. Nf3 g6 2. g3 Bg7 3. Bg2 e5 4. d3 Nc6 5. Nbd2 f5 6. e4 Nf6 7. 0-0 d6 8. c3 Be6 9. Ng5 Qd7 10. Nxe6 Qxe6 11. f4 fxe4 12. Nxe4 Nxe4 13. dxe4 exf4 14. gxf4 0-0-0 15. Qd3 Kb8 16. Be3 Rhe8 17. Bf2 g5 18. fxg5 Be5 19. Bh4 Qg4 20. Qh3 Qh5 21. Bf3 Qg6 22. Qg2 Rg8 23. Kh1 h6 24. Rg1 Rh8 25. h3 Rdf8 26. Bg4 hxg5 27. Bf5 Rxf5 28. exf5 Qxf5 29. Raf1 Qc8 30. Qg4 Rxh4 31. Qxc8+ Kxc8 32. Rxg5 Rxh3+ 33. Kg1 Rg3+ 34. Rxg3 Bxg3 35. Kg2 Be5 36. Rf7 Kd8 37. Rh7 Ne7 38. Kf3 d5 39. Rh5 Bd6 40. b3 Kd7 41. c4 dxc4 42. bxc4 Kc6 43. Ke4 b6 44. a4 a5 45. Rg5 Nc8 46. Rh5 Bb4 47. Kd4 Nd6 48. Rd5 Nb7 49. Ke5 Nc5 50. Rd8 Bc3+ 51. Kf5 Nxa4 0-1

[Event "SVK-chT2C 1314"]
[Site "Slovakia"]
[Date "2013.11.23"]
[Round "3.2"]
[White "Petras, Marian"]
[Black "Lisko, Frantisek"]
[Result "1/2-1/2"]
[WhiteElo "2003"]
[BlackElo "2233"]
[PlyCount "136"]
[EventDate "2013.10.19"]
[EventType "team-tourn"]
[EventRounds "11"]
[EventCountry "SVK"]
[SourceTitle "EXT 2015"]
[Source "ChessBase"]
[SourceDate "2014.11.20"]
[SourceVersion "1"]
[SourceVersionDate "2014.11.20"]
[SourceQuality "1"]
[WhiteTeam "Liptov Chess School II"]
[BlackTeam "Dunajov II"]
[WhiteTeamCountry "SVK"]
[BlackTeamCountry "SVK"]

1. e4 c5 2. Nf3 e6 3. d4 cxd4 4. Nxd4 Nc6 5. Nc3 a6 6. Be3 Nf6 7. Bd3 Qc7 8. 0-0 Bd6 9. g3 0-0 10. Qe2 b5 11. f4 Nxd4 12. Bxd4 e5 13. fxe5 Bxe5 14. Bxe5 Qxe5 15. Rf5 Qd4+ 16. Qf2 Qxf2+ 17. Rxf2 Bb7 18. a3 Rfe8 19. Re2 Re5 20. Rf1 Rc8 21. Rf5 Rcc5 22. Nd5 Rxf5 23. Ne7+ Kf8 24. Nxf5 Re5 25. Nd6 Bc6 26. c4 g6 27. b4 Ke7 28. c5 Ne8 29. Nxe8 Kxe8 30. Kf2 Ke7 31. Ke3 f6 32. Kd4 h5 33. Rf2 Kf7 34. a4 bxa4 35. Bxa6 Rxe4+ 36. Kc3 Bd5 37. Rd2 Be6 38. Bd3 Re5 39. Bc4 Ke7 40. Bxe6 Rxe6 41. Ra2 Ra6 42. b5 Ra8 43. Kb4 g5 44. Rxa4 Rxa4+ 45. Kxa4 f5 46. Ka5 f4 47. gxf4 gxf4 48. b6 f3 49. b7 f2 50. b8Q f1Q 51. Qe5+ Kd8 52. Qxh5 Qc4 53. Qh8+ Kc7 54. Qe5+ Kb7 55. Qb2+ Kc8 56. Kb6 Qh4 57. Qb3 Qf6+ 58. Ka5 Qa1+ 59. Qa4 Qe5 60. Qc2 Qc7+ 61. Kb4 Qf4+ 62. Kb5 Qb8+ 63. Kc4 Qf4+ 64. Kd5 Qf7+ 65. Ke5 Qh5+ 66. Kf4 Qh4+ 67. Kf3 Qh3+ 68. Kf4 Qh4+ 1/2-1/2

[Event "SVK-chT1E 1314"]
[Site "Slovakia"]
[Date "2013.11.17"]
[Round "4.7"]
[White "Copak, Jozef"]
[Black "Petras, Marian"]
[Result "0-1"]
[WhiteElo "1965"]
[BlackElo "2003"]
[PlyCount "84"]
[EventDate "2013.10.12"]
[EventType "team-tourn"]
[EventRounds "11"]
[EventCountry "SVK"]
[SourceTitle "EXT 2015"]
[Source "ChessBase"]
[SourceDate "2014.11.20"]
[SourceVersion "1"]
[SourceVersionDate "2014.11.20"]
[SourceQuality "1"]
[WhiteTeam "Bardejov"]
[BlackTeam "Liptov Chess School"]
[WhiteTeamCountry "SVK"]
[BlackTeamCountry "SVK"]

1. d4 Nf6 2. Nf3 g6 3. g3 Bg7 4. Bg2 0-0 5. 0-0 d6 6. c4 Nbd7 7. Nc3 Re8 8. e4 e5 9. d5 Ng4 10. h3 Nh6 11. Bg5 f6 12. Be3 f5 13. Qd2 Nf7 14. Ng5 Nxg5 15. Bxg5 Bf6 16. Be3 Nf8 17. b4 h5 18. f3 Nh7 19. c5 Ng5 20. Rac1 f4 21. gxf4 Nxh3+ 22. Bxh3 Bxh3 23. Rf2 exf4 24. Bxf4 Be5 25. Bxe5 dxe5 26. Qh6 Qf6 27. Rcc2 Rad8 28. Rg2 Bxg2 29. Rxg2 Kf7 30. d6 c6 31. Rf2 Rh8 32. Qe3 h4 33. f4 Kg7 34. Ne2 Rh5 35. Qh3 Rf8 36. Qh2 exf4 37. Rxf4 Qa1+ 38. Kf2 Qe5 39. Ke3 Rhf5 40. Qf2 Rxf4 41. Nxf4 Qc3+ 42. Ke2 Qc2+ 0-1

[Event "SVK-ch op"]
[Site "Banska Stiavnica"]
[Date "2013.07.14"]
[Round "9"]
[White "Sosovicka, Juraj"]
[Black "Petras, Marian"]
[Result "1/2-1/2"]
[WhiteElo "2201"]
[BlackElo "1954"]
[PlyCount "110"]
[EventDate "2013.07.06"]
[EventType "swiss"]
[EventRounds "9"]
[EventCountry "SVK"]
[SourceTitle "CBM 155 Extra"]
[Source "ChessBase"]
[SourceDate "2013.08.26"]
[SourceVersion "1"]
[SourceVersionDate "2013.08.26"]
[SourceQuality "1"]

1. e4 c5 2. b3 g6 3. Bb2 Nf6 4. e5 Nd5 5. g3 Bg7 6. Bg2 Nb6 7. f4 Nc6 8. Nf3 d5 9. d4 cxd4 10. Nxd4 0-0 11. 0-0 f6 12. exf6 Bxf6 13. Nxc6 bxc6 14. Bxf6 Rxf6 15. Nd2 Qd6 16. Nf3 Bg4 17. Qd4 Bxf3 18. Bxf3 Rd8 19. Rae1 c5 20. Qe5 Kf7 21. Bg4 Nd7 22. Qg5 e6 23. Rf2 Nf8 24. Rfe2 Rc8 25. h4 c4 26. h5 cxb3 27. axb3 Rc3 28. hxg6+ hxg6 29. Kg2 Qc7 30. Qe5 Rxc2 31. Rxc2 Qxc2+ 32. Re2 Qc6 33. Qb8 Qb6 34. Qc8 Kg7 35. Qc3 Qd6 36. Ra2 d4 37. Rxa7+ Rf7 38. Rxf7+ Kxf7 39. Qd2 Nd7 40. b4 Nb6 41. Be2 Na4 42. Bd3 Nc3 43. Qc2 Qd5+ 44. Kg1 Qh5 45. b5 Qf3 46. Bxg6+ Kf6 47. Qd3 Ne2+ 48. Kh2 Qf2+ 49. Kh3 Ng1+ 50. Kg4 Qg2 51. Qxd4+ Kxg6 52. Qd3+ Kf6 53. Qd8+ Kf7 54. Qd7+ Kf6 55. Qd8+ Kf7 1/2-1/2

[Event "SVK-ch op"]
[Site "Banska Stiavnica"]
[Date "2013.07.07"]
[Round "2"]
[White "Petras, Marian"]
[Black "Sahidi, Samir"]
[Result "1-0"]
[WhiteElo "1954"]
[BlackElo "1839"]
[PlyCount "141"]
[EventDate "2013.07.06"]
[EventType "swiss"]
[EventRounds "9"]
[EventCountry "SVK"]
[SourceTitle "CBM 155 Extra"]
[Source "ChessBase"]
[SourceDate "2013.08.26"]
[SourceVersion "1"]
[SourceVersionDate "2013.08.26"]
[SourceQuality "1"]

1. e4 e6 2. d4 d5 3. Nc3 Bb4 4. Nge2 dxe4 5. a3 Bxc3+ 6. Nxc3 f5 7. Bf4 Nf6 8. Bb5+ Bd7 9. Bc4 c6 10. f3 exf3 11. Qxf3 Nd5 12. Bd6 b5 13. Bxd5 cxd5 14. Qe2 a6 15. Nxd5 Kf7 16. Nf4 Re8 17. 0-0-0 Bc6 18. Be5 Nd7 19. Rd3 Nxe5 20. dxe5 Qg5 21. Qd2 Rad8 22. Rxd8 Rxd8 23. Qe3 Qe7 24. Rd1 Rxd1+ 25. Kxd1 g5 26. Nh3 h6 27. g3 Qd7+ 28. Ke2 Qc7 29. Nf2 Bd5 30. Kd2 a5 31. Nd3 Be4 32. Nc5 Bd5 33. b3 Kg6 34. Qd4 Qe7 35. Ke3 f4+ 36. Kf2 Qf7 37. g4 Qe7 38. Qd3+ Kf7 39. Qxb5 Qc7 40. Qd7+ Qxd7 41. Nxd7 Ke7 42. Nf6 Bc6 43. c4 Bb7 44. b4 axb4 45. axb4 Ba8 46. b5 Bb7 47. c5 Bh1 48. h3 Kd8 49. Ng8 Ke8 50. c6 Kf8 51. Nf6 Ke7 52. Nd7 Kd8 53. Nc5 Bd5 54. Nb7+ Kc7 55. Nd6 Kd8 56. Nf7+ Ke7 57. c7 Kd7 58. b6 Bb7 59. Nd6 Ba6 60. Kf3 Bc8 61. b7 Bxb7+ 62. Nxb7 Kxc7 63. Nd6 Kc6 64. Ke4 Kd7 65. Nf7 Ke7 66. Nxh6 Kf8 67. Nf5 Kf7 68. Nd4 Ke7 69. Ne2 Kf7 70. Nd4 Ke7 71. Nf3 1-0

[Event "SVK-ch U18"]
[Site "Lubovna"]
[Date "2013.04.11"]
[Round "7"]
[White "Petras, Marian"]
[Black "Danada, Tomas"]
[Result "1/2-1/2"]
[WhiteElo "1959"]
[BlackElo "2118"]
[PlyCount "113"]
[EventDate "2013.04.06"]
[EventType "swiss"]
[EventRounds "9"]
[EventCountry "SVK"]
[SourceTitle "CBM 153 Extra"]
[Source "ChessBase"]
[SourceDate "2013.04.22"]
[SourceVersion "1"]
[SourceVersionDate "2013.04.22"]
[SourceQuality "1"]

1. e4 e6 2. Qe2 a6 3. Nc3 b5 4. g3 Bb7 5. Bg2 Nc6 6. Nf3 Bc5 7. 0-0 Nge7 8. d3 Qb8 9. Nd1 d5 10. c3 dxe4 11. dxe4 Qa7 12. Be3 h6 13. b4 Bxe3 14. Nxe3 0-0 15. Kh1 Qb6 16. Nh4 a5 17. a3 axb4 18. axb4 Rxa1 19. Rxa1 Ra8 20. Rxa8+ Bxa8 21. Qd2 Qb8 22. f4 Qd8 23. Qe2 Na7 24. Nc2 Qd6 25. Nf3 Qc6 26. Qd3 Qd6 27. Qxd6 cxd6 28. Nfd4 e5 29. fxe5 dxe5 30. Nb3 Nac8 31. Nc5 Nd6 32. Na3 g6 33. Kg1 f5 34. Bf1 Nxe4 35. Nxe4 Bxe4 36. Nxb5 Nd5 37. Bc4 Kf8 38. Bxd5 Bxd5 39. Na3 Ke7 40. c4 Be4 41. Kf2 f4 42. c5 Bd3 43. gxf4 exf4 44. b5 g5 45. Kf3 Ke6 46. c6 Kd6 47. h3 Kc7 48. h4 Kd6 49. hxg5 hxg5 50. Kg4 Kc7 51. Kf3 Kb6 52. Kg4 Bxb5 53. Nxb5 Kxc6 54. Nd4+ Kd5 55. Nf3 Ke4 56. Nxg5+ Ke3 57. Nf3 1/2-1/2

[Event "SVK-ch U18"]
[Site "Lubovna"]
[Date "2013.04.08"]
[Round "4"]
[White "Petras, Marian"]
[Black "Nayhebaver, Martin"]
[Result "0-1"]
[WhiteElo "1959"]
[BlackElo "2205"]
[PlyCount "102"]
[EventDate "2013.04.06"]
[EventType "swiss"]
[EventRounds "9"]
[EventCountry "SVK"]
[SourceTitle "CBM 153 Extra"]
[Source "ChessBase"]
[SourceDate "2013.04.22"]
[SourceVersion "1"]
[SourceVersionDate "2013.04.22"]
[SourceQuality "1"]

1. e4 c5 2. Nf3 Nc6 3. d4 cxd4 4. Nxd4 Nf6 5. Nc3 e5 6. Ndb5 d6 7. Bg5 a6 8. Na3 b5 9. Nd5 Be7 10. Bxf6 Bxf6 11. c3 0-0 12. Nc2 Bg5 13. a4 bxa4 14. Rxa4 a5 15. Bc4 Bd7 16. 0-0 Kh8 17. Nce3 Rb8 18. b3 g6 19. g4 Ne7 20. Ra2 Nxd5 21. Qxd5 Bf4 22. Ng2 Bxg4 23. f3 Bh3 24. Rff2 Qg5 25. Kh1 Be3 26. Nxe3 Qxe3 27. Qd2 Qc5 28. Qd5 Rfc8 29. Qxc5 Rxc5 30. Bxf7 Rxc3 31. Rac2 Re3 32. Rc1 Rf8 33. Bc4 Rxe4 34. fxe4 Rxf2 35. Ra1 Rc2 36. Kg1 Rg2+ 37. Kh1 Rg4 38. Rxa5 Rxe4 39. Kg1 Rd4 40. Kf2 Kg7 41. Ra7+ Kf6 42. Rxh7 Bf5 43. Rb7 d5 44. Be2 Rh4 45. Kg2 d4 46. Rb8 Kg5 47. b4 d3 48. Bd1 Rc4 49. Kg3 Rc1 50. h4+ Kh6 51. Bb3 d2 0-1

[Event "SVK-chT1E 1213"]
[Site "Slovakia"]
[Date "2013.03.24"]
[Round "11.1"]
[White "Petras, Marian"]
[Black "Lihosith, Peter"]
[Result "1/2-1/2"]
[WhiteElo "1954"]
[BlackElo "2009"]
[PlyCount "103"]
[EventDate "2012.10.20"]
[EventType "team-tourn"]
[EventRounds "11"]
[EventCountry "SVK"]
[SourceTitle "EXT 2015"]
[Source "ChessBase"]
[SourceDate "2014.11.20"]
[SourceVersion "1"]
[SourceVersionDate "2014.11.20"]
[SourceQuality "1"]
[WhiteTeam "Liptov Chess School"]
[BlackTeam "Bardejov"]
[WhiteTeamCountry "SVK"]
[BlackTeamCountry "SVK"]

1. e4 d6 2. d4 Nf6 3. Nc3 c6 4. Be3 Qa5 5. f3 e5 6. Qd2 Be7 7. g4 h6 8. 0-0-0 exd4 9. Bxd4 Nbd7 10. Nh3 Ne5 11. Bxe5 dxe5 12. g5 Nh5 13. Kb1 Bxh3 14. Bxh3 Rd8 15. Bd7+ Kf8 16. gxh6 Rxh6 17. Qe2 Nf4 18. Qc4 Qb4 19. Qxb4 Bxb4 20. Bg4 Rhd6 21. Rxd6 Rxd6 22. Rd1 Ke7 23. Rxd6 Kxd6 24. Nd1 Bc5 25. Kc1 Bg1 26. Kd2 Bxh2 27. Ne3 Ne6 28. Nc4+ Ke7 29. Bxe6 Kxe6 30. Na5 Bg1 31. Nxb7 Bb6 32. Kc3 g6 33. b4 f5 34. Kd3 Kd7 35. f4 exf4 36. exf5 g5 37. Ke4 Ke7 38. c4 Bc7 39. a4 g4 40. b5 f3 41. Ke3 cxb5 42. axb5 Bh2 43. Kf2 Be5 44. c5 Bd4+ 45. Kg3 Be5+ 46. Kf2 Kd7 47. c6+ Ke7 48. Na5 Bc7 49. Nc4 Kf6 50. Ne3 Bb6 51. c7 Bxc7 52. Nxg4+ 1/2-1/2